000 00795 a2200217 4500
001 59720
005 20260407155851.0
008 260407a1988 arg spa d
003 AR-UNSa-BCEJYS
040 _aAR-UNSa-BCEJYS
_bspa
_cAR-UNSa-BCEJYS
080 _a352
_xNiveles inferiores de la administración. Gobierno local. Administración municipal. Autoridades locales
245 1 0 _aAdministración local y constitución
_pJurisprudencia del tribunal constitucional y del tribunal supremo
020 _a84-7088-477-8
264 1 _aMadrid :
_bInstituto Nacional de Administración Pública (INAP)
_c1988
300 _a780 p.
_c24 cm.
041 _aspa
942 _cBK
590 _aniveau_biblio:m niveau_hierar:0
100 1 _aLope Rebollo, Mercedes de
700 1 _aSanz Fernández, Luis
999 _c6803
_d6803